La vuelta al mundo en 80 días /
¿Será que en el año 1872 era posible dar la vuelta al mundo en 80 días? Phileas Fogg así lo cree. Este caballero inglés y su criado Picaporte son los protagonistas de esta novela de aventuras de Julio Verne, que te llevará a descubrir lugares y culturas fascinantes y a subirte en transportes inusual...
Guardado en:
| Autor Principal: | |
|---|---|
| Otros Autores: | , |
| Formato: | Libro |
| Idioma: | Undetermined |
| Publicado: |
Buenos Aires :
Camino al sur,
2018.
|
| Series: | LiteraTubers ;
8 |
| Materias: | |
| Etiquetas: |
Agregar Etiqueta
Sin Etiquetas, Sea el primero en etiquetar este registro!
|
| LEADER | 01217nam a22002415a 4500 | ||
|---|---|---|---|
| 001 | CEM.cems021333 | ||
| 008 | 240801s2018####ag############000#0#und#d | ||
| 005 | 20240801175900.0 | ||
| 245 | 1 | 0 | |a La vuelta al mundo en 80 días / |c Julio Verne ; ilustrado por Martín Morón ; adaptado por Katherine Martínez Enciso. |
| 260 | |a Buenos Aires : |b Camino al sur, |c 2018. | ||
| 300 | |a 240 p. | ||
| 490 | 1 | |a LiteraTubers ; |v 8 | |
| 520 | |a ¿Será que en el año 1872 era posible dar la vuelta al mundo en 80 días? Phileas Fogg así lo cree. Este caballero inglés y su criado Picaporte son los protagonistas de esta novela de aventuras de Julio Verne, que te llevará a descubrir lugares y culturas fascinantes y a subirte en transportes inusuales, para ganar una carrera contra el tiempo. ¿Te animás a viajar y recorrer el mundo? | ||
| 500 | |a Edad recomendada: a partir de 11 años. | ||
| 020 | |a 9789874677990 | ||
| 100 | 1 | |a Verne, Julio. | |
| 700 | 1 | |a Morón, Martín; il. | |
| 700 | 1 | |a Martínez Enciso, Katherine; adapt. | |
| 653 | |a Novela juvenil | ||
| 653 | |a Literatura juvenil | ||
| 653 | |a Literatura francesa | ||
| 653 | |a Ciencia ficción | ||
| 859 | |a CEMS |b BIB. CEMS - Inicial y Primaria |h 843.8 |i V594a1 |k IP |p 6839 |t Ej.1 | ||
